| 000 | 00000nam##2200000za#4500 |
| 001 | 9.570451 |
| 003 | CaOODSP |
| 005 | 20210624182239 |
| 007 | cr ||||||||||| |
| 008 | 150406|2005||||xxc|||||o f|0| 0 eng|d |
| 040 | |aCaOODSP|beng |
| 043 | |an-cn--- |
| 086 | 1 |aYC27-0/381-7E-PDF |
| 110 | 1 |aCanada. |bParliament. |bSenate. |bStanding Committee on Agriculture and Forestry. |
| 245 | 10|aCattle slaughter capacity in Canada : |h[electronic resource]|binterim report of the Standing Senate Committee on Agriculture and Forestry / |cThe Honourable Joyce Fairbairn, P.C., chair; The Honourable Leonard J. Gustafson, vice-chair. |
| 260 | |aOttawa - Ontario : |bSenate. |cMay 2005. |
| 300 | |a35p.|breferences, table |
| 490 | 1 |aReport of the Standing Senate Committee on Agriculture and Forestry|v[38th Parliament, 1st Session, 7th report] |
| 590 | |a11-12-Supp|b2011-07-29 |
| 775 | 08|tLa capacité d'abattage des bovins au Canada : |w(CaOODSP)9.601128 |
| 830 | #0|aReport of the Standing Senate Committee on Agriculture and Forestry ;|v[38th Parliament, 1st Session, 7th report]|w(CaOODSP)9.505641 |
| 856 | 40|ahttp://publications.gc.ca|qPDF|s118 KB|uhttps://publications.gc.ca/collections/collection_2011/sen/yc27-0/YC27-0-381-7-eng.pdf|y[38th Parliament, 1st Session, 7th report] |